Eastern Utah Libraries Catalog: Duchesne, Heber, Roosevelt, & Vernal

Senior moment (Record no. 361868)

MARC details
000 -LEADER
fixed length control field 02242ngm a22006254i 4500
001 - CONTROL NUMBER
control field BE6004825782
005 - DATE AND TIME OF LATEST TRANSACTION
control field 20260306125648.0
007 - PHYSICAL DESCRIPTION FIXED FIELD--GENERAL INFORMATION
fixed length control field vd cvaizu
008 - FIXED-LENGTH DATA ELEMENTS--GENERAL INFORMATION
fixed length control field 210415p20212021nyu092 g vleng d
010 ## - LIBRARY OF CONGRESS CONTROL NUMBER
LC control number be2021009283
020 ## - INTERNATIONAL STANDARD BOOK NUMBER
International Standard Book Number 9786318486705
020 ## - INTERNATIONAL STANDARD BOOK NUMBER
International Standard Book Number 6318486704
024 7# - OTHER STANDARD IDENTIFIER
Standard number or code 00814838016092
Source of number or code gtin-14
024 7# - OTHER STANDARD IDENTIFIER
Standard number or code 14838016535
024 1# - OTHER STANDARD IDENTIFIER
Standard number or code 814838016092
028 42 - PUBLISHER NUMBER
Publisher number SM801643
Source Screen Media Films
040 ## - CATALOGING SOURCE
Original cataloging agency NjBwBT
Language of cataloging eng
Description conventions rda
Transcribing agency NjBwBT
041 0# - LANGUAGE CODE
Language code of text/sound track or separate title eng
Language code of original and/or intermediate translations of text eng
046 ## - SPECIAL CODED DATES
Beginning or single date created 2021
050 14 - LIBRARY OF CONGRESS CALL NUMBER
Classification number PN1995.9.C55
Item number S46 2021
082 04 - DEWEY DECIMAL CLASSIFICATION NUMBER
Classification number 791.43/72
Edition number 23
092 ## - LOCALLY ASSIGNED DEWEY CALL NUMBER (OCLC)
Feature heading senior moment
100 ## - MAIN ENTRY--PERSONAL NAME
Personal name Lloyd, Christopher.
9 (RLIN) 5895566
130 0# - MAIN ENTRY--UNIFORM TITLE
Uniform title Senior moment (Motion picture)
9 (RLIN) 6418256
245 10 - TITLE STATEMENT
Title Senior moment
Statement of responsibility, etc producer, Gina G. Goff ; written by Kurt Brungardt, Christopher Momenee ; directed by Giorgio Serafini.
260 ## - PUBLICATION, DISTRIBUTION, ETC. (IMPRINT)
Name of publisher, distributor, etc Screen Media Films.
264 #1 - Production, Publication, Distribution, Manufacture, and Copyright Notice.
Place of production, publication, distribution, manufacture New York, NY :
Name of producer, publisher, distributor, manufacturer Screen Media Films,
Date of production, publication, distribution, manufacture, or copyr [2021]
300 ## - PHYSICAL DESCRIPTION
Extent 1 videodisc (92 min.) :
Other physical details sound, color ;
Dimensions 4 3/4 in.
336 ## - Content Type
Content type term two-dimensional moving image
337 ## - Media type
Media type term video
338 ## - Carrier type
Carrier type term videodisc
500 ## - GENERAL NOTE
General note Wide screen 1.85:1.
510 ## - CITATION/REFERENCES NOTE
Name of source DDC.
510 ## - CITATION/REFERENCES NOTE
Name of source DDSE.
510 ## - CITATION/REFERENCES NOTE
Name of source DDW.
511 1# - PARTICIPANT OR PERFORMER NOTE
Participant or performer note William Shatner, Jean Smart, Christopher Lloyd, Don McManus, Katrina Bowden.
520 ## - SUMMARY, ETC.
Summary, etc After losing his license for drag racing around Palm Springs, a retired NASA test pilot is forced to take public transportation where he finds a second chance at love.
521 8# - TARGET AUDIENCE NOTE
Target audience note MPAA rating: PG-13.
540 ## - TERMS GOVERNING USE AND REPRODUCTION NOTE
Terms governing use and reproduction For private home use only.
650 #0 - SUBJECT ADDED ENTRY--TOPICAL TERM
Topical term or geographic name as entry element Older men
Form subdivision Drama.
9 (RLIN) 5745032
650 #0 - SUBJECT ADDED ENTRY--TOPICAL TERM
Topical term or geographic name as entry element Transportation
Form subdivision Drama.
9 (RLIN) 6418257
650 #0 - SUBJECT ADDED ENTRY--TOPICAL TERM
Topical term or geographic name as entry element Man-woman relationships
Form subdivision Drama.
9 (RLIN) 5673977
650 #0 - SUBJECT ADDED ENTRY--TOPICAL TERM
Topical term or geographic name as entry element Love
Form subdivision Drama.
9 (RLIN) 5705469
655 #7 - INDEX TERM--GENRE/FORM
Genre/form data or focus term Romantic comedy films.
Source of term lcgft.
655 #7 - INDEX TERM--GENRE/FORM
Genre/form data or focus term Comedy films.
Source of term lcgft.
655 #7 - INDEX TERM--GENRE/FORM
Genre/form data or focus term Romance films.
Source of term lcgft.
9 (RLIN) 5675183
655 #7 - INDEX TERM--GENRE/FORM
Genre/form data or focus term Feature films.
Source of term lcgft.
655 #7 - INDEX TERM--GENRE/FORM
Genre/form data or focus term Fiction films.
Source of term lcgft.
700 1# - ADDED ENTRY--PERSONAL NAME
Personal name Serafini, Giorgio,
Dates associated with a name 1962-
Relator term director.
9 (RLIN) 6261575
700 1# - ADDED ENTRY--PERSONAL NAME
Personal name Shatner, William,
Relator term actor.
700 1# - ADDED ENTRY--PERSONAL NAME
Personal name Smart, Jean,
Relator term actor.
9 (RLIN) 61957
700 1# - ADDED ENTRY--PERSONAL NAME
Personal name Lloyd, Christopher,
Dates associated with a name 1938-
Relator term actor.
9 (RLIN) 37764
907 ## - LOCAL DATA ELEMENT G, LDG (RLIN)
a .b45266018x
942 ## - ADDED ENTRY ELEMENTS (KOHA)
Source of classification or shelving scheme Dewey Decimal Classification
Koha item type DVD
Holdings
Withdrawn status Lost status Source of classification or shelving scheme Damaged status Not for loan Collection code Home library Current library Shelving location Date acquired Source of acquisition Total Checkouts Total Renewals Full call number Barcode Date last seen Date checked out Cost, replacement price Price effective from Koha item type
    Dewey Decimal Classification     Movies Wasatch County Library Wasatch County Library Audio Visual Area 06/03/2021 Amazon 4 2 DVD Sen 34301001815580 06/24/2024 06/18/2024 19.98 06/03/2021 DVD
This project was made possible through a grant from the Institute of Museum and Library Service administered by the Utah State Library Division.

Wasatch County Library

  • 465 East 1200 South, Heber City, Utah 84032
  • Phone 435-654-1511 | Fax 435-654-6456

Hours

  • Monday - Friday 9:30 AM - 8:00 PM
  • Saturday 9:30 AM - 1:30 PM
  • Closed Sundays and Holidays